000 00513nam a2200205Ia 4500
003 OSt
005 20230315152907.0
008 210423s2005 xx 000 0 und d
040 _cAL
041 _aeng
082 _a541.28
_223
_bMCQD
100 _aMCQUARRIE (Donald A).
_941484
245 _aQuantum chemistry.
260 _aNew Delhi
_bViva Books Pvt Ltd
_c2005
300 _ax,517
365 _b295
_cINR
650 _aTheoretical Chemistry
_941485
906 _achemistry. ; Quantum
942 _2ddc
_cBK
999 _c153585
_d153585